| 000 | 00567nam a2200145Ia 4500 | ||
|---|---|---|---|
| 008 | 220216s9999 xx 000 0 und d | ||
| 100 | _aBhattacharyya A K | ||
| 245 | 0 | _aEffect of silane coupling agent and oxidation of filler surface on the chemorheological behaviour of epoxidized natural rubber filled with ISAF carbon black | |
| 260 |
_bProceedings of the International Conference on Rubbers, Calcutta, December 12-14, 1997, Vol. II, pp. 177-181. _c1997 |
||
| 700 | _aDe P P | ||
| 700 | _aDe S K | ||
| 700 | _aManna A K | ||
| 700 | _aTripathy D K | ||
| 942 | _cJS | ||
| 999 |
_c58112 _d58112 |
||